Sports Quiz

Random Sports or Italian Quiz

Speedway Grand Prix Riders from Italy Quiz Stats

 Plays Quiz not verified by Sporcle

Challenge
Share
Tweet
Embed
Score 0/6 Timer 03:00
0 Plays Today
Rider % Correct
Armando Castagna
90.9%
Mattia Carpanese
36.4%
Stefano Alfonso
27.3%
Daniele Tessari
27.3%
Guglielmo Franchetti
18.2%
Christian Miotello
9.1%

You're not logged in!

Compare scores with friends on all Sporcle quizzes.
OR
Log In

You Might Also Like...

Show Comments

Extras

Top Quizzes Today


Score Distribution

Your Account Isn't Verified!

In order to create a playlist on Sporcle, you need to verify the email address you used during registration. Go to your Sporcle Settings to finish the process.

Report this User

Report this user for behavior that violates our Community Guidelines.

Details: